[Event "Bhubaneswar op-A 13th"]
[Site "Bhubaneswar"]
[Date "2022.05.25"]
[Round "5"]
[White "Eshan, Bhattacharjee"]
[Black "Manish, Anto Cristiano F"]
[Result "1/2-1/2"]
[WhiteElo "1440"]
[BlackElo "2071"]
[PlyCount "37"]
[EventDate "2022.05.22"]
[EventType "swiss"]
[EventRounds "10"]
[EventCountry "IND"]
[SourceTitle "CBM 208 Extra"]
[Source "ChessBase"]
[SourceDate "2022.07.31"]
[SourceVersion "1"]
[SourceVersionDate "2022.07.31"]
[SourceQuality "1"]

1. e4 e5 2. Nf3 Nc6 3. Bc4 Bc5 4. b4 Bxb4 5. c3 Ba5 6. d4 exd4 7. 0-0 Nge7 8. Ng5 Ne5 9. Nxf7 Nxf7 10. Bxf7+ Kxf7 11. Qh5+ Kg8 12. Qxa5 dxc3 13. Nxc3 h6 14. Nd5 Nxd5 15. Qxd5+ Kh7 16. Qf5+ Kg8 17. Qd5+ Kh7 18. Qf5+ Kg8 19. Qd5+ 1/2-1/2